[Event "AUTO-INT-3054"]
[Site "http://www.queenalice.com/game.php?id=1425761"]
[Date "2016.6.1"]
[Round "2"]
[White "glaubergouveia"]
[Black "juliobraga"]
[Result "1/2-1/2"]
[WhiteElo "1502"]
[BlackElo "1905"]

1. e4 e5 2. Nf3 Nc6 3. Bb5 d6 4. Bxc6+ bxc6 5. c3 c5 6. Qe2 Bg4 7. d3 Nf6 8. h3
Bxf3 9. Qxf3 Be7 10. g4 Nd7 11. h4 Bxh4 12. Qh3 Bg5 13. Bxg5 Qxg5 14. Nd2 O-O-O
15. O-O-O g6 16. Kc2 h5 17. gxh5 Rxh5 18. Qf3 Rxh1 19. Rxh1 Nf6 20. Rh2 Nd7 21.
Qxf7 Qf4 22. Qxf4 exf4 23. Rh4 g5 24. Rg4 Rg8 25. Nf3 Ne5 26. Nxe5 1/2-1/2

[Event "AUTO-INT-3054"]
[Site "http://www.queenalice.com/game.php?id=1425762"]
[Date "2016.6.1"]
[Round "2"]
[White "juliobraga"]
[Black "glaubergouveia"]
[Result "1-0"]
[WhiteElo "1835"]
[BlackElo "1529"]

1. e4 e5 2. Nf3 Nc6 3. Bc4 h6 4. Nc3 Bc5 5. d3 Qf6 6. O-O g5 7. Nd5 Qg7 8. Nxc7+
Kd8 9. Nxa8 b6 10. a3 Bb7 11. b4 Bd4 12. Nxd4 Nxd4 13. c3 Ne6 14. Bxe6 fxe6 15.
Nxb6 axb6 16. Be3 Ne7 17. Bxb6+ Ke8 18. a4 d5 19. exd5 Nxd5 20. Qb3 g4 21. a5 g3
22. fxg3 h5 23. a6 Bc6 24. b5 Ba8 25. Bc5 h4 26. gxh4 Ne7 27. Ra2 Rg8 28. Rff2
Bxg2 29. Rxg2 Qh6 30. Rxg8+ Nxg8 31. a7 Qc1+ 32. Kg2 Nh6 33. Qxe6+ Kd8 34. a8=Q+
Kc7 35. Ra7# 1-0

[Event "AUTO-ADV-3688"]
[Site "http://www.queenalice.com/game.php?id=1436406"]
[Date "2016.8.16"]
[Round "1"]
[White "NickThorp"]
[Black "juliobraga"]
[Result "1/2-1/2"]
[WhiteElo "1618"]
[BlackElo "1839"]

1. e4 e5 2. Nf3 Nc6 3. Bb5 d6 4. h3 Bd7 5. O-O Nd4 6. Bxd7+ Qxd7 7. Nxd4 exd4 8.
d3 O-O-O 9. c3 dxc3 10. Nxc3 g6 11. Bg5 Be7 12. Bxe7 Nxe7 13. Qf3 f5 14. Nd5
Nxd5 15. exd5 Qb5 16. b3 Rde8 17. Rfe1 Rxe1+ 18. Rxe1 Re8 19. Rxe8+ Qxe8 20. a4
Qe1+ 21. Kh2 Qe5+ 22. g3 Kd7 23. h4 c6 24. dxc6+ bxc6 25. Kg2 d5 26. Qe3 Qxe3
27. fxe3 Kd6 28. d4 c5 29. Kf2 c4 30. bxc4 dxc4 31. Ke2 Kd5 32. Kd2 a5 33. Kc3
h6 34. Kd2 g5 35. h5 Ke4 1/2-1/2

[Event "AUTO-ADV-3688"]
[Site "http://www.queenalice.com/game.php?id=1436407"]
[Date "2016.8.16"]
[Round "1"]
[White "juliobraga"]
[Black "NickThorp"]
[Result "1-0"]
[WhiteElo "1836"]
[BlackElo "1723"]

1. e4 e5 2. Nf3 Nc6 3. Bc4 Bc5 4. O-O Nf6 5. d3 d6 6. Nc3 Bg4 7. h3 Bxf3 8. Qxf3
Nd4 9. Qd1 a6 10. Bg5 h6 11. Bxf6 Qxf6 12. a3 O-O 13. Nd5 Qd8 14. c3 Nc6 15. b4
Ba7 16. Bb3 Ne7 17. Qf3 Nxd5 18. exd5 b5 19. c4 bxc4 20. dxc4 c5 21. dxc6 Bd4
22. Rad1 a5 23. b5 Bb6 24. Rd5 Bc5 25. a4 Rc8 26. Qd3 f6 27. Bc2 f5 28. Rd1 e4
29. Qe2 Rf6 30. Rxc5 Qb6 31. Rcd5 Kf7 32. Rxd6 Rxd6 33. Rxd6 Ke7 34. Qd2 Rd8 35.
Rxd8 Qxd8 36. Qxd8+ Kxd8 37. b6 Kc8 38. g4 g6 39. gxf5 gxf5 40. f3 exf3 41.
Bxf5+ Kd8 42. c7+ 1-0

[Event "AUTO-ADV-3688"]
[Site "http://www.queenalice.com/game.php?id=1436422"]
[Date "2016.8.16"]
[Round "1"]
[White "Prosperidade"]
[Black "juliobraga"]
[Result "1-0"]
[WhiteElo "1969"]
[BlackElo "1847"]

1. d4 d5 2. c4 dxc4 3. Nc3 Bd7 4. a4 e6 5. e4 Bb4 6. Bxc4 Ne7 7. Nf3 O-O 8. O-O
Bxc3 9. bxc3 c6 10. Ba3 Re8 11. Rb1 b6 12. Ne5 Ng6 13. Nxf7 Kxf7 14. d5 cxd5 15.
exd5 exd5 16. Bxd5+ Be6 17. Qf3+ Kg8 18. Bxe6+ Rxe6 19. Qxa8 Nc6 20. Qxd8+ Nxd8
21. g3 Nc6 22. Rbd1 h6 23. Rd6 Rxd6 24. Bxd6 Kf7 25. f4 Ke6 26. Ba3 Na5 27. Kg2
Nb3 28. Re1+ Kf5 29. c4 Na5 30. c5 bxc5 31. Bxc5 Nc6 32. Rd1 Nge7 33. Bxe7 Nxe7
34. Rd7 Nc6 35. Rxg7 Kf6 36. Rc7 1-0

[Event "AUTO-ADV-3688"]
[Site "http://www.queenalice.com/game.php?id=1436423"]
[Date "2016.8.16"]
[Round "1"]
[White "juliobraga"]
[Black "Prosperidade"]
[Result "1-0"]
[WhiteElo "1873"]
[BlackElo "1960"]

1. e4 e5 2. Nf3 d6 3. Bc4 h6 4. Nc3 Nf6 5. d4 exd4 6. Nxd4 c5 7. Nf3 Be7 8. e5
dxe5 9. Nxe5 Qxd1+ 10. Nxd1 O-O 11. Ng6 Re8 12. Nxe7+ Rxe7+ 13. Be3 Nc6 14. O-O
b6 15. Nc3 Be6 16. Bxe6 Rxe6 17. Nb5 Re7 18. Rfe1 Nb4 19. Re2 Nbd5 20. Rae1 Nxe3
21. Rxe3 Rxe3 22. Rxe3 Rd8 23. g3 a6 24. Nc7 a5 25. Rb3 Rd1+ 26. Kg2 Rd2 27.
Rxb6 Rxc2 28. Kf3 c4 29. Rb8+ Kh7 30. a4 c3 31. bxc3 Rxc3+ 32. Kg2 Rc4 33. Ne8
Nxe8 34. Rxe8 Rxa4 35. Ra8 Ra2 36. h4 g5 37. hxg5 hxg5 38. Ra7 Kg6 39. g4 Kf6
40. Kg3 Ra3+ 41. f3 a4 42. Ra6+ 1-0

[Event "AUTO-ADV-3688"]
[Site "http://www.queenalice.com/game.php?id=1436432"]
[Date "2016.8.16"]
[Round "1"]
[White "Tavinho92"]
[Black "juliobraga"]
[Result "1-0"]
[WhiteElo "1786"]
[BlackElo "1891"]

1. e4 e5 2. d4 exd4 3. c3 dxc3 4. Bc4 cxb2 5. Bxb2 Nf6 6. e5 Qe7 7. Nf3 d6 8.
O-O Nfd7 9. Re1 Kd8 10. Nbd2 dxe5 11. Nxe5 Nxe5 12. Rxe5 Qh4 13. Nf3+ Bd6 14.
Nxh4 Bd7 15. Re3 f6 16. f4 Nc6 17. f5 Bc5 18. Qe2 Bxe3+ 19. Qxe3 Re8 20. Qd3 Ne5
21. Bxe5 fxe5 22. Be6 Re7 23. Rd1 Ke8 24. Bxd7+ Kf8 25. Ba4 c6 26. g4 Ke8 27. g5
b5 28. Qe4 Rc8 29. f6 gxf6 30. gxf6 Re6 31. Bb3 1-0

[Event "AUTO-ADV-3688"]
[Site "http://www.queenalice.com/game.php?id=1436433"]
[Date "2016.8.16"]
[Round "1"]
[White "juliobraga"]
[Black "Tavinho92"]
[Result "0-1"]
[WhiteElo "1858"]
[BlackElo "1693"]

1. e4 e5 2. Nf3 Nc6 3. Nc3 Nf6 4. Bc4 Bb4 5. a3 Bxc3 6. dxc3 Nxe4 7. O-O d6 8.
Qd5 Be6 9. Qxe4 d5 10. Bxd5 Bxd5 11. Qe2 e4 12. Nd4 O-O 13. Nxc6 Bxc6 14. Qg4
Kh8 15. Be3 f5 16. Qf4 b6 17. Bd4 Ba4 18. b3 Bb5 19. Rfd1 Qc8 20. Qe5 Rf7 21. c4
Bd7 22. Rd2 Be8 23. Rad1 h5 24. Qf4 c5 25. Bc3 Qc6 26. Qd6 Qxd6 27. Rxd6 Re7 28.
Rd8 Rxd8 29. Rxd8 Kh7 30. b4 cxb4 31. axb4 Bf7 32. c5 Rc7 33. Bd4 bxc5 34. Bxc5
a5 35. c3 axb4 36. cxb4 Rc6 37. Rd7 Ra6 38. Bd4 Kg6 39. b5 Ra4 40. b6 Rb4 41.
Kf1 Be8 42. Rd8 Kf7 43. Bxg7 Rxb6 44. Bd4 Rb1+ 45. Ke2 Rb4 46. Be3 Bb5+ 47. Kd2
Rb2+ 48. Kc3 Ra2 49. Rd5 Bf1 50. Rxf5+ Ke6 51. Rxh5 Bxg2 0-1

[Event "AUTO-ADV-3733"]
[Site "http://www.queenalice.com/game.php?id=1450489"]
[Date "2016.11.16"]
[Round "1"]
[White "APSHOOTER"]
[Black "juliobraga"]
[Result "0-1"]
[WhiteElo "1738"]
[BlackElo "1866"]

1. e4 e5 2. Bc4 c6 3. a3 d5 4. Bd3 Nf6 5. h3 dxe4 6. Be2 Be6 7. Nc3 Bd6 8. b3
O-O 9. d3 exd3 10. cxd3 Nbd7 11. Bg5 h6 12. Bh4 Be7 13. Nf3 Nd5 14. Bxe7 Qxe7
15. O-O Nxc3 16. Qc2 Nxe2+ 17. Qxe2 f6 18. Nh4 Kh7 19. Qe4+ f5 20. Qe2 Qxh4 21.
b4 Rf6 22. Rae1 Rg6 23. Qe3 b6 24. Rd1 f4 25. Qe4 Bxh3 26. g3 Qg5 27. Rfe1 fxg3
28. f3 Rf8 29. Qxc6 Rxc6 0-1

[Event "AUTO-ADV-3733"]
[Site "http://www.queenalice.com/game.php?id=1450490"]
[Date "2016.11.16"]
[Round "1"]
[White "juliobraga"]
[Black "APSHOOTER"]
[Result "1-0"]
[WhiteElo "1836"]
[BlackElo "1751"]

1. e4 e5 2. Nf3 d6 3. Bc4 h6 4. Nc3 a6 5. O-O Bg4 6. Nxe5 dxe5 7. Qxg4 Nf6 8.
Qf5 Qd7 9. Qxd7+ Nbxd7 10. Nd5 Nxd5 11. Bxd5 c6 12. Bb3 O-O-O 13. d3 f6 14. c3
Nc5 15. Bc2 Nxd3 16. Bxd3 Rxd3 17. Be3 Bd6 18. Rfd1 Rxd1+ 19. Rxd1 Kc7 20. b4 b5
21. Ra1 g5 22. a4 h5 23. axb5 axb5 24. Ra7+ 1-0

[Event "AUTO-ADV-3733"]
[Site "http://www.queenalice.com/game.php?id=1450507"]
[Date "2016.11.16"]
[Round "1"]
[White "juliobraga"]
[Black "TITAN10"]
[Result "1/2-1/2"]
[WhiteElo "1877"]
[BlackElo "1787"]

1. e4 c5 2. Nf3 d6 3. d4 cxd4 4. Nxd4 Nc6 5. Nxc6 bxc6 6. Nc3 Nf6 7. Bg5 e5 8.
Bc4 Be7 9. Bxf6 Bxf6 10. O-O O-O 11. Qe2 Qc7 12. Rfd1 Be6 13. Bxe6 fxe6 14. Rd3
Rfd8 15. Rad1 d5 16. exd5 cxd5 17. Nb5 Qe7 18. g3 e4 19. Rb3 Rab8 20. Qe3 a6 21.
Na3 Rxb3 22. Qxb3 Qc7 23. c4 Rb8 24. Qa4 d4 25. b3 Ra8 26. b4 e5 27. c5 h6 28.
Nc4 Be7 29. Nb6 Ra7 30. Nd5 Qd8 31. Nxe7+ Qxe7 32. Re1 e3 33. fxe3 d3 34. e4 Qe6
35. Qb3 Qxb3 36. axb3 Kf7 37. Rd1 Rd7 38. Kf2 Rd4 39. c6 Ke7 40. Ke3 Rxb4 41.
Rxd3 Rb8 42. Rd7+ Kf6 43. Rb7 Rc8 44. Rb6 a5 45. c7+ Ke7 46. Rb7 Kd7 47. Ra7
Rxc7 48. Rxc7+ Kxc7 49. Kd3 Kc6 50. Kc4 h5 51. h3 g5 52. h4 1/2-1/2

[Event "AUTO-ADV-3733"]
[Site "http://www.queenalice.com/game.php?id=1450508"]
[Date "2016.11.16"]
[Round "1"]
[White "TITAN10"]
[Black "juliobraga"]
[Result "0-1"]
[WhiteElo "1878"]
[BlackElo "1849"]

1. e4 e5 2. Nf3 Nc6 3. c3 Nf6 4. d3 d5 5. exd5 Nxd5 6. g3 Bg4 7. Be2 Bc5 8. h3
Bxf3 9. Bxf3 Nde7 10. Be3 Bd6 11. Nd2 O-O 12. O-O Qd7 13. Kh2 Rae8 14. Ne4 Ng6
15. Nxd6 cxd6 16. Qb3 a6 17. Rfd1 Kh8 18. Qc2 f5 19. Bd5 Nce7 20. Bg2 f4 21. Bc1
fxg3+ 22. fxg3 Rf7 23. Bg5 h6 24. Be3 d5 25. Bf3 Rxf3 26. Rf1 Rxe3 0-1

[Event "AUTO-ADV-3769"]
[Site "http://www.queenalice.com/game.php?id=1460885"]
[Date "2017.1.23"]
[Round "1"]
[White "juliobraga"]
[Black "Karstax"]
[Result "0-1"]
[WhiteElo "1824"]
[BlackElo "1811"]

1. e4 e5 2. Nf3 Nc6 3. Bc4 Bc5 4. Nc3 d6 5. d3 h6 6. Be3 Bxe3 7. fxe3 Nf6 8. Qd2
O-O 9. O-O-O a6 10. Rhf1 b5 11. Bd5 Bb7 12. a3 Rb8 13. d4 Qd7 14. Bxc6 Qxc6 15.
d5 Qb6 16. h3 b4 17. axb4 Qxb4 18. Na2 Qxe4 19. Nc3 Qb4 20. b3 a5 21. Kb2 Ne4
22. Nxe4 Qxe4 23. Qxa5 Rbc8 24. Qb5 Bxd5 25. Qxd5 Qxe3 26. Rfe1 Qb6 0-1

[Event "AUTO-ADV-3769"]
[Site "http://www.queenalice.com/game.php?id=1460886"]
[Date "2017.1.23"]
[Round "1"]
[White "Karstax"]
[Black "juliobraga"]
[Result "1-0"]
[WhiteElo "1793"]
[BlackElo "1842"]

1. e4 e5 2. Nf3 Nc6 3. Bc4 d6 4. c3 Nf6 5. Ng5 Be6 6. Qa4 Bxc4 7. Qxc4 d5 8. Qb5
Qc8 9. exd5 a6 10. Qc4 Qd7 11. dxc6 bxc6 12. O-O Bd6 13. d4 O-O 14. Be3 exd4 15.
Bxd4 Qf5 16. Be3 Qe5 17. Nf3 Qb5 18. Nbd2 Qxb2 19. Qxc6 Ng4 20. Rfb1 Qa3 21. Rb3
Qa5 22. Ne4 Qh5 23. Nxd6 cxd6 24. Qxd6 Rfd8 25. Qg3 Qd5 26. Bd4 g6 27. Qxg4 1-0

[Event "AUTO-ADV-3769"]
[Site "http://www.queenalice.com/game.php?id=1460887"]
[Date "2017.1.23"]
[Round "1"]
[White "juliobraga"]
[Black "Hagi"]
[Result "0-1"]
[WhiteElo "1790"]
[BlackElo "1652"]

1. e4 d5 2. exd5 Qxd5 3. Nc3 Qd6 4. Nf3 Bg4 5. Be2 Qe6 6. Nd4 Bxe2 7. Qxe2 Qxe2+
8. Ndxe2 Nc6 9. Nd5 O-O-O 10. Ne3 e5 11. O-O e4 12. Ng3 Nf6 13. f3 exf3 14. Rxf3
Kb8 15. d3 Bc5 16. Kh1 Bxe3 17. Bxe3 Nb4 18. Bg5 Nxc2 19. Rc1 Nd4 20. Rf2 Ne6
21. Bxf6 gxf6 22. Rxf6 Rxd3 23. Rxf7 Ng5 24. Rfxc7 Rhd8 25. h3 Ne6 26. Re7 Rxg3
27. Rxe6 a6 0-1

[Event "AUTO-ADV-3769"]
[Site "http://www.queenalice.com/game.php?id=1460888"]
[Date "2017.1.23"]
[Round "1"]
[White "Hagi"]
[Black "juliobraga"]
[Result "1/2-1/2"]
[WhiteElo "1630"]
[BlackElo "1892"]

1. d4 d5 2. Nf3 Nc6 3. Bf4 Bf5 4. a3 Nf6 5. e3 e6 6. Bb5 Bd6 7. Bxd6 cxd6 8.
Bxc6+ bxc6 9. Nc3 O-O 10. b4 Bg4 11. h3 Bxf3 12. Qxf3 Re8 13. O-O-O a5 14. Na2
Qb6 15. c3 axb4 16. cxb4 Rxa3 17. Rd2 Rea8 18. Kb1 Rxa2 19. Rxa2 Qxb4+ 20. Rb2
Qa3 21. g4 Nd7 22. Rc1 Qd3+ 23. Rcc2 Qf1+ 24. Rc1 Qd3+ 1/2-1/2

[Event "AUTO-ADV-3769"]
[Site "http://www.queenalice.com/game.php?id=1460889"]
[Date "2017.1.23"]
[Round "1"]
[White "juliobraga"]
[Black "rogervolei"]
[Result "0-1"]
[WhiteElo "1882"]
[BlackElo "1760"]

1. e4 e6 2. d4 a6 3. Nf3 b5 4. a3 Bb7 5. Bd3 h6 6. Nc3 b4 7. axb4 Bxb4 8. Bd2
Ne7 9. O-O Bxc3 10. Bxc3 d5 11. e5 Nbc6 12. b3 Qd7 13. Bd2 O-O 14. c3 a5 15. Qc2
Qe8 16. Bb5 Ba6 17. Bxa6 Rxa6 18. c4 Qd7 19. c5 f5 20. Ra4 g5 21. h3 Rb8 22.
Rfa1 Rb5 23. b4 g4 24. hxg4 fxg4 25. Nh2 h5 26. bxa5 Nf5 27. Qd3 Na7 28. Nf1 c6
29. Ne3 Qh7 0-1

[Event "AUTO-ADV-3769"]
[Site "http://www.queenalice.com/game.php?id=1460890"]
[Date "2017.1.23"]
[Round "1"]
[White "rogervolei"]
[Black "juliobraga"]
[Result "1-0"]
[WhiteElo "1781"]
[BlackElo "1861"]

1. e3 e5 2. a3 d5 3. h3 Nc6 4. Bb5 Nf6 5. Bxc6+ bxc6 6. b4 Bd6 7. Bb2 O-O 8. g4
h6 9. d3 a5 10. bxa5 Rxa5 11. Ne2 c5 12. Qd2 c6 13. c4 d4 14. Qc1 dxe3 15. Qxe3
Re8 16. g5 hxg5 17. Qxg5 Nh7 18. Qxd8 Rxd8 19. a4 Bf5 20. Ra3 Rda8 21. Nbc3 Bxd3
22. Ng3 Bxc4 23. Kd2 Bd5 24. Rb1 Ng5 25. Nf5 Bc7 26. Ne3 Ne4+ 27. Nxe4 Bxe4 28.
Rg1 1-0